000 01865nam a2200337Ia 4500
001 ebr10071374
003 CaPaEBR
006 m u
007 cr cn|||||||||
008 000707s1999 dcu sb 000 0 eng d
040 _aCaPaEBR
_cCaPaEBR
035 _a(OCoLC)230204038
050 1 4 _aTL797
_b.I578 1999eb
245 0 0 _aInstitutional arrangements for space station research
_h[electronic resource] /
_cTask Group to Review Alternative Institutional Arrangements for Space Station Research ... [et al.].
260 _aWashington, D.C. :
_bNational Academy Press,
_cc1999.
300 _axvi, 82 p.
500 _a"Support for this project was provided by Contract NASW 96013 between the National Academy of Sciences and the National Aeronautics and Space Administration"--Front matter.
504 _aIncludes bibliographical references.
533 _aElectronic reproduction.
_bPalo Alto, Calif. :
_cebrary,
_d2009.
_nAvailable via World Wide Web.
_nAccess may be limited to ebrary affiliated libraries.
610 2 0 _aInternational Space Station
_xResearch.
650 0 _aSpace stations.
651 0 _aOuter space
_xExploration.
655 7 _aElectronic books.
_2local
710 2 _aNational Research Council (U.S.).
_bTask Group to Review Alternative Institutional Arrangements for Space Station Research.
710 2 _aNational Research Council (U.S.).
_bSpace Studies Board.
710 2 _aNational Research Council (U.S.).
_bCommission on Physical Sciences, Mathematics, and Applications.
710 2 _aNational Research Council (U.S.).
_bAeronautics and Space Engineering Board.
710 2 _aNational Research Council (U.S.).
_bCommission on Engineering and Technical Systems.
710 2 _aebrary, Inc.
856 4 0 _uhttp://site.ebrary.com/lib/rucke/Doc?id=10071374
_zAn electronic book accessible through the World Wide Web; click to view
999 _c33243
_d33243